Bosquejo histórico de los partidos políticos chilenos
Guardat en:
| Autor principal: | |
|---|---|
| Format: | Llibre |
| Idioma: | espanyol |
| Publicat: |
Santiago
Guillermo Miranda
1903
|
| Edició: | 1a. ed |
| Col·lecció: | Biblioteca de Autores Chilenos, XII
|
| Matèries: | |
| Accés en línia: | portada |
| Etiquetes: |
Afegir etiqueta
Sense etiquetes, Sigues el primer a etiquetar aquest registre!
|
MARC
| LEADER | 00000nam a2200000 a 4500 | ||
|---|---|---|---|
| 001 | UCJ7599 | ||
| 003 | CL-VaPUC | ||
| 008 | 070124e19030000CL |||||||||||||||||spa|d | ||
| 082 | 0 | 4 | |a 983 |b EDW |2 21 |
| 100 | 0 | |a Edwards, Alberto |e author |9 420327 | |
| 245 | 1 | 0 | |a Bosquejo histórico de los partidos políticos chilenos |
| 250 | |a 1a. ed | ||
| 300 | |a 115 p | ||
| 942 | |c BK | ||
| 945 | |d 20070124 00:00:00 |a rinostro | ||
| 260 | |a Santiago |b Guillermo Miranda |c 1903 | ||
| 500 | |a Se encuentra empastado junto a otras monografías en un volumen rotulado Miscelánea A O-2, al final de las obras de Vicuña Mackenna | ||
| 650 | 0 | |a Partidos políticos |9 254999 | |
| 650 | 7 | |a DOCUMENTOS |2 CL-VaPUC |9 366450 | |
| 650 | 7 | |a PROGRAMAS POLITICOS |2 CL-VaPUC |9 516088 | |
| 650 | 0 | |a Historia de Chile |9 265473 | |
| 856 | 7 | |f UCJ7599_01.jpg |u http://opac.pucv.cl/pucv_img/Img-7500/UCJ7599_01.jpg |q JEPG |2 file |z portada | |
| 583 | |a last modification |c 20070124 00:00:00 |k Rodrigo Vera | ||
| 490 | 0 | |a Biblioteca de Autores Chilenos, XII | |
| 999 | |c 323646 |d 323644 | ||
| 952 | |0 0 |1 0 |4 0 |6 983_000000000000000_EDW_1903 |7 0 |8 X |9 403414 |a FDOBUD |b FDOBUD |d 2019-11-22 |i 1066587 |o 983 EDW 1903 |p 1066587 |r 2019-11-22 |w 2019-11-22 |y BK_X |k BUD | ||